Countries With The Most Positive Influence Globally - Statistics

General Stats
  • This quiz has been taken 120 times
  • The average score is 9 of 11
Answer Stats
% of people viewing positively Answer % Correct
57% United Kingdom
99%
40% United States
96%
59% France
94%
67% Germany
92%
79% Australia
90%
81% Canada
90%
49% China
89%
35% Russia
84%
53% India
79%
21% Iran
46%
32% Israel
44%
No matching quizzes found
Score Distribution
Percent of People with Each Score
Percentile by Number Answered
Your Score History
You have not taken this quiz